| 000 | 00519cam a22001217a 4500 | ||
|---|---|---|---|
| 008 | 180718b1944 xxu||||| |||| 00| 0 eng d | ||
| 082 | _aZx54 Im7 | ||
| 245 |
_aDevelopment of agriculture and animal husbandry in India of the advisory board of the Imperial Council of Agricultural Research _cby Imperial Council of Agricultural Research |
||
| 260 |
_aNew Delhi _bManager of Publication _c1944 |
||
| 300 | _a75p. | ||
| 650 | _aAgriculture-Animal husbandry in India | ||
| 700 | _aIndia.Imperial Council of Agricultural Research | ||
| 999 |
_c431074 _d431074 |
||